Nombra los últimos 20 campeones del mundo de Fórmula 1 - Estadísticas

Estadísticas generales
  • Esta prueba ha sido intentada 233 veces
  • La puntuación promedio es 11 de 20
Estadísticas de respuestas
Hint Respuesta % Correcto
2024 Max Verstappen
98%
Lewis Hamilton
87%
Fernando Alonso
84%
Sebastian Vettel
79%
Michael Schumacher
76%
Nico Rosberg
75%
Kimi Räikkönen
74%
Ayrton Senna
66%
Alain Prost
61%
Jenson Button
56%
Mika Häkkinen
52%
Niki Lauda
52%
Damon Hill
40%
Nelson Piquet
40%
Jacques Villeneuve
37%
Nigel Mansell
34%
Keke Rosberg
29%
Alan Jones
19%
Mario Andretti
19%
Jody Scheckter
13%
No se encontraron pruebas coincidentes
Distribución de puntuación
Porcentaje de gente con cada puntuación
Porcentaje por número respondido
Historial de tus puntuaciones
No has intentado esta prueba.